Giuramento presidenziale di ufficio - Statistics

Statistiche generali
  • Questo quiz è stato fatto 16 volte
  • Il punteggio medio è 15 su 39
Statistiche sulle risposte
testo % Corretto
I
100%
I
100%
and
56%
and
56%
god
56%
me
56%
of
56%
of
56%
of
56%
of
56%
president
56%
so
56%
States
56%
States
56%
the
56%
the
56%
the
56%
the
56%
the
56%
swear
44%
United
44%
United
44%
do
33%
my
33%
best
22%
constitution
22%
help
22%
office
22%
to
22%
defend
11%
protect
11%
solemnly
11%
that
11%
will
11%
will
11%
ability
0%
execute
0%
faithfully
0%
preserve
0%
Nessun quiz corrispondente trovato
Distribuzione punteggi
Percentuale di utenti per punteggio
Percentile per numero di risposta
I tuoi punteggi nel tempo
Non hai fatto questo quiz